<El> plan F.I.P. 1985-1989 : (Record no. 597)

MARC details
000 -LEADER
campo de control de longitud fija 01448nam a2200373Ia 4500
001 - NÚMERO DE CONTROL
campo de control 000948
008 - DATOS DE LONGITUD FIJA--INFORMACIÓN GENERAL
campo de control de longitud fija 221003s1989 xx 000 0 spa d
035 ## - NÚMERO DE CONTROL DEL SISTEMA
Número de control de sistema CENDO_598
041 ## - CÓDIGO DE IDIOMA
Código de lengua del texto/banda sonora o título independiente spa
084 ## - OTRO NÚMERO DE CLASIFICACIÓN
Número de clasificación CD-01049
110 ## - ENTRADA PRINCIPAL--NOMBRE DE ENTIDAD CORPORATIVA
Nombre de entidad corporativa o nombre de jurisdicción como elemento de entrada ESPAÑA
Unidad subordinada Ministerio de Trabajo y Seguridad Social
-- Dirección General de Empleo
9 (RLIN) 815
245 #0 - MENCIÓN DEL TÍTULO
Título <El> plan F.I.P. 1985-1989 :
Resto del título ayudas solicitadas por España al Fondo Social Europeo 1990-1993 : informes presentados a la comisión Delegada del Gobierno para asuntos económicos el 5 de octubre de 1989 /
Mención de responsabilidad, etc. [informe elaborado por la Dirección General de Empleo]
260 ## - PUBLICACIÓN, DISTRIBUCIÓN, ETC.
Lugar de publicación, distribución, etc. Madrid :
Nombre del editor, distribuidor, etc. Ministerio de Trabajo y Seguridad Social, Centro de Publicaciones,
Fecha de publicación, distribución, etc. 1989
300 ## - DESCRIPCIÓN FÍSICA
Extensión 51 p. : gráf., tab. ;
Dimensiones 30 cm
490 ## - MENCIÓN DE SERIE
Mención de serie <La> formación profesional en España
650 ## - PUNTO DE ACCESO ADICIONAL DE MATERIA--TÉRMINO DE MATERIA
Término de materia o nombre geográfico como elemento de entrada CUADROS ESTADISTICOS
9 (RLIN) 14
650 ## - PUNTO DE ACCESO ADICIONAL DE MATERIA--TÉRMINO DE MATERIA
Término de materia o nombre geográfico como elemento de entrada EMPLEO
9 (RLIN) 51
650 ## - PUNTO DE ACCESO ADICIONAL DE MATERIA--TÉRMINO DE MATERIA
Término de materia o nombre geográfico como elemento de entrada ESPAÑA
9 (RLIN) 9
650 ## - PUNTO DE ACCESO ADICIONAL DE MATERIA--TÉRMINO DE MATERIA
Término de materia o nombre geográfico como elemento de entrada FONDO SOCIAL EUROPEO
9 (RLIN) 1361
650 ## - PUNTO DE ACCESO ADICIONAL DE MATERIA--TÉRMINO DE MATERIA
Término de materia o nombre geográfico como elemento de entrada FORMACION PROFESIONAL
9 (RLIN) 148
650 ## - PUNTO DE ACCESO ADICIONAL DE MATERIA--TÉRMINO DE MATERIA
Término de materia o nombre geográfico como elemento de entrada INFORME
9 (RLIN) 363
650 ## - PUNTO DE ACCESO ADICIONAL DE MATERIA--TÉRMINO DE MATERIA
Término de materia o nombre geográfico como elemento de entrada PLAN FIP
9 (RLIN) 1360
710 ## - ENTRADA AGREGADA--NOMBRE DE ENTIDAD CORPORATIVA
Nombre de entidad corporativa o nombre de jurisdicción como elemento de entrada ESPAÑA
Unidad subordinada Plan FIP
Fecha del congreso o de la firma del tratado 1989
9 (RLIN) 39925
710 ## - ENTRADA AGREGADA--NOMBRE DE ENTIDAD CORPORATIVA
Nombre de entidad corporativa o nombre de jurisdicción como elemento de entrada ESPAÑA
Unidad subordinada Plan Nacional de Formación e Inserción Profesional
Fecha del congreso o de la firma del tratado 1989
9 (RLIN) 1324
901 ## - ELEMENTOS DE DATOS A LOCAL LDA (RLIN)
a 2
903 ## - ELEMENTOS DE DATOS C LOCAL, LDC (RLIN)
a NO
904 ## - ELEMENTOS DE DATOS D LOCAL, LDD (RLIN)
a 000
906 ## - ELEMENTOS DE DATOS F LOCAL, LDF (RLIN)
a ESPAÑA
b Plan FIP
f 1989
906 ## - ELEMENTOS DE DATOS F LOCAL, LDF (RLIN)
a ESPAÑA
b Plan Nacional de Formación e Inserción Profesional
f 1989
910 ## - DATOS DE OPCIÓN DEL USUARIO (OCLC)
Datos de opción del usuario 1989
942 ## - ELEMENTOS DE ENTRADA SECUNDARIOS (KOHA)
Tipo de ítem Koha Monografía
953 ## -
-- 1995-12-28
-- INFORME
-- CD-01049
Holdings
Estatus retirado Estado de pérdida Estado de daño No para préstamo Biblioteca de origen Biblioteca actual Fecha de adquisición Total de préstamos Signatura topográfica completa Código de barras Visto por última vez Precio de reemplazo Tipo de ítem Koha
        CENDO CENDO 28/12/1995   CD-01049 CENDO_598 05/10/2022 05/10/2022 Monografía